Iss Dasht Main Aik Sheher Tha; (Record no. 587717)
[ view plain ]
| 000 -LEADER | |
|---|---|
| fixed length control field | 00395nam a22001337a 4500 |
| 020 ## - INTERNATIONAL STANDARD BOOK NUMBER | |
| International Standard Book Number | 9789697679140 |
| 040 ## - CATALOGING SOURCE | |
| Transcribing agency | NUST |
| 082 ## - DEWEY DECIMAL CLASSIFICATION NUMBER | |
| Classification number | 954.9183 IQB |
| 100 ## - MAIN ENTRY--PERSONAL NAME | |
| Personal name | Iqbal A Rehman Mandwia |
| 9 (RLIN) | 88646 |
| 245 ## - TITLE STATEMENT | |
| Title | Iss Dasht Main Aik Sheher Tha; |
| Remainder of title | Karachi Kay Sunehray Dino Ki Dastan |
| 260 ## - PUBLICATION, DISTRIBUTION, ETC. | |
| Place of publication, distribution, etc. | KARACHI, |
| Name of publisher, distributor, etc. | Zak Books, |
| Date of publication, distribution, etc. | 2020. |
| 650 ## - SUBJECT ADDED ENTRY--TOPICAL TERM | |
| Topical term or geographic name entry element | Karachi Kay Sunehray Dino Ki Dastan |
| 9 (RLIN) | 89579 |
| 942 ## - ADDED ENTRY ELEMENTS (KOHA) | |
| Source of classification or shelving scheme | |
| Koha item type | Book |
| Withdrawn status | Lost status | Source of classification or shelving scheme | Damaged status | Not for loan | Permanent Location | Current Location | Shelving location | Date acquired | Full call number | Barcode | Date last seen | Price effective from | Koha item type |
|---|---|---|---|---|---|---|---|---|---|---|---|---|---|
| College of Electrical & Mechanical Engineering (CEME) | College of Electrical & Mechanical Engineering (CEME) | General Stacks | 01/26/2022 | 954.9183 IQB (KIDS SEC) | CEME-50725 | 01/26/2022 | 01/26/2022 | Book |
